000 00487nam a2200205Ia 4500
005 20251020182537.0
008 200515s9999 xx 000 0 und d
082 _a725.36:691.32/I59
110 _aImcyc
245 0 _aRecomendaciones para el diseño y construcción de silos de concreto
260 _aMéxico, D.F.
260 _c1985
300 _a177
500 _a1 ejemplar
650 _aCONCRETO
650 _aLIB
650 _aPUB IMCYC
650 _aSILOS
942 _cLIB
999 _c2277
_d2277